[Event "Florianopolis op 11th"]
[Site "Florianopolis"]
[Date "2025.01.24"]
[Round "8"]
[White "Fraga, Sofia Carneiro"]
[Black "Santos, Davi Alves Gabriel"]
[Result "1/2-1/2"]
[WhiteElo "1506"]
[BlackElo "1755"]
[PlyCount "42"]
[EventDate "2025.01.18"]
[EventType "swiss"]
[EventRounds "10"]
[EventCountry "BRA"]
[SourceTitle "CB05_2025"]
[SourceDate "2025.01.29"]
[SourceVersion "1"]
[SourceVersionDate "2025.01.29"]
[SourceQuality "1"]

1. e4 e6 2. d4 d5 3. Nc3 c5 4. Be3 c4 5. e5 Bb4 6. a3 Ba5 7. Be2 Ne7 8. Nf3 Nbc6 9. 0-0 0-0 10. Rb1 Nf5 11. Qd2 Bd7 12. h3 h6 13. Rfe1 Qc7 14. Qc1 a6 15. Rd1 Rfe8 16. Qd2 Rad8 17. Qe1 Re7 18. Bf4 Bb6 19. Be3 Rde8 20. Bf1 Ba5 21. b3 cxb3 1/2-1/2

[Event "Florianopolis op 11th"]
[Site "Florianopolis"]
[Date "2025.01.23"]
[Round "7"]
[White "Santos, Davi Alves Gabriel"]
[Black "Campelo, Luiz Carlos Rigamon"]
[Result "1/2-1/2"]
[WhiteElo "1755"]
[BlackElo "1498"]
[PlyCount "45"]
[EventDate "2025.01.18"]
[EventType "swiss"]
[EventRounds "10"]
[EventCountry "BRA"]
[SourceTitle "CB05_2025"]
[SourceDate "2025.01.29"]
[SourceVersion "1"]
[SourceVersionDate "2025.01.29"]
[SourceQuality "1"]

1. d4 Nf6 2. Nf3 g6 3. Bf4 Bg7 4. e3 d6 5. Bd3 Nbd7 6. 0-0 0-0 7. c4 Qe8 8. d5 b6 9. Nc3 Nc5 10. Nb5 Qd7 11. Re1 Nh5 12. Rb1 Nxf4 13. exf4 a6 14. Na3 c6 15. Nc2 cxd5 16. cxd5 Bb7 17. Ne3 a5 18. a3 Rfe8 19. Bc2 Bh6 20. f5 Bxe3 21. fxe3 Qd8 22. fxg6 hxg6 23. g4 1/2-1/2

[Event "Florianopolis op 11th"]
[Site "Florianopolis"]
[Date "2025.01.22"]
[Round "6"]
[White "Baratieri, Maria Vitoria"]
[Black "Santos, Davi Alves Gabriel"]
[Result "1-0"]
[WhiteElo "1550"]
[BlackElo "1755"]
[PlyCount "43"]
[EventDate "2025.01.18"]
[EventType "swiss"]
[EventRounds "10"]
[EventCountry "BRA"]
[SourceTitle "CB05_2025"]
[SourceDate "2025.01.29"]
[SourceVersion "1"]
[SourceVersionDate "2025.01.29"]
[SourceQuality "1"]

1. d4 d5 2. c4 e6 3. Nc3 Nf6 4. cxd5 Nxd5 5. e4 Nb6 6. Nf3 Be7 7. Be3 0-0 8. Bd3 Bd7 9. 0-0 Bc6 10. Rc1 N8d7 11. Qe2 Nf6 12. h3 h6 13. Bb1 Bb4 14. Bd2 a6 15. Rfe1 Re8 16. a3 Bf8 17. Qd3 g6 18. Ne5 Bd7 19. Nxg6 fxg6 20. e5 Re7 21. exf6 Rh7 22. Qxg6+ 1-0

[Event "Florianopolis op 11th"]
[Site "Florianopolis"]
[Date "2025.01.21"]
[Round "5"]
[White "Santos, Davi Alves Gabriel"]
[Black "Ramazzotte, Rafaela Graziele Zi"]
[Result "1/2-1/2"]
[WhiteElo "1755"]
[BlackElo "1515"]
[PlyCount "96"]
[EventDate "2025.01.18"]
[EventType "swiss"]
[EventRounds "10"]
[EventCountry "BRA"]
[SourceTitle "CB05_2025"]
[SourceDate "2025.01.29"]
[SourceVersion "1"]
[SourceVersionDate "2025.01.29"]
[SourceQuality "1"]

1. e4 e5 2. Nf3 Nc6 3. Bb5 d6 4. 0-0 Be7 5. c3 Nf6 6. Re1 0-0 7. d3 Bd7 8. Nbd2 h6 9. Nf1 Be6 10. Ng3 a6 11. Ba4 b5 12. Bb3 Bxb3 13. axb3 Qd7 14. Bd2 d5 15. Nf5 Nh5 16. Nxe5 Nxe5 17. Qxh5 Ng6 18. Nxe7+ Nxe7 19. Qe2 dxe4 20. dxe4 Rfe8 21. Rad1 Qe6 22. c4 bxc4 23. Qxc4 Qg6 24. Qxc7 Rab8 25. b4 Rbc8 26. Qf4 Rc4 27. Bc3 Rcc8 28. Rd6 Qh5 29. Rxa6 Rxc3 30. bxc3 Nd5 31. Qf3 Qg5 32. h3 Nf4 33. Qg4 Qe5 34. Qg3 Rd8 35. Ra5 Qc7 36. Rf5 g5 37. h4 Rd3 38. Re3 Ne2+ 39. Rxe2 Rxg3 40. fxg3 Qxg3 41. hxg5 hxg5 42. Rf3 Qc7 43. Ref2 Qa7 44. Rxf7 Qa1+ 45. Rf1 Qxc3 46. Rf8+ Kg7 47. R1f7+ Kg6 48. g4 Qg3+ 1/2-1/2

[Event "Florianopolis op 11th"]
[Site "Florianopolis"]
[Date "2025.01.19"]
[Round "2"]
[White "Vaz, Osvaldo Jose"]
[Black "Santos, Davi Alves Gabriel"]
[Result "1-0"]
[WhiteElo "1765"]
[BlackElo "1755"]
[PlyCount "48"]
[EventDate "2025.01.18"]
[EventType "swiss"]
[EventRounds "10"]
[EventCountry "BRA"]
[SourceTitle "CB05_2025"]
[SourceDate "2025.01.29"]
[SourceVersion "1"]
[SourceVersionDate "2025.01.29"]
[SourceQuality "1"]

1. e4 c5 2. Nf3 e6 3. c3 d5 4. exd5 Qxd5 5. Na3 Nf6 6. d4 cxd4 7. Nb5 Qd8 8. Qa4 Nc6 9. Nbxd4 Bd7 10. Bb5 Nxd4 11. Nxd4 Bxb5 12. Nxb5 Qd7 13. Nc7+ Kd8 14. Qxd7+ Kxd7 15. Nxa8 Kc8 16. Bf4 Nd5 17. Bg3 f5 18. Be5 Be7 19. 0-0 Bf6 20. Rfe1 Kd7 21. c4 Bxe5 22. Rxe5 Ne7 23. Rd1+ Kc6 24. Rxe6+ Kc5 1-0

[Event "Florianopolis op 11th"]
[Site "Florianopolis"]
[Date "2025.01.18"]
[Round "1"]
[White "Santos, Davi Alves Gabriel"]
[Black "Da Cruz, Karoliny Taiane"]
[Result "1/2-1/2"]
[WhiteElo "1755"]
[BlackElo "1855"]
[PlyCount "43"]
[EventDate "2025.01.18"]
[EventType "swiss"]
[EventRounds "10"]
[EventCountry "BRA"]
[SourceTitle "CB05_2025"]
[SourceDate "2025.01.29"]
[SourceVersion "1"]
[SourceVersionDate "2025.01.29"]
[SourceQuality "1"]

1. d4 Nf6 2. Nf3 e6 3. Bf4 d5 4. e3 Be7 5. Bd3 c5 6. c3 0-0 7. 0-0 Qb6 8. Qb3 c4 9. Qxb6 axb6 10. Bc2 Nc6 11. Nbd2 b5 12. a3 Nd7 13. Rfe1 b6 14. e4 dxe4 15. Nxe4 Bb7 16. Bd6 Rfd8 17. Bc7 Rf8 18. Bd6 h6 19. h3 Rfe8 20. Bxe7 Nxe7 21. Nd6 Bc6 22. Ne5 1/2-1/2